| 000 | 00452nam a2200145 a 4500 | ||
|---|---|---|---|
| 001 | 000033818 | ||
| 005 | 20200930070537.0 | ||
| 008 | 110913s1897 dr 000 0 spa d | ||
| 040 |
_aDO-SdBNP _bspa _cBNPHU |
||
| 100 | 1 |
_aGómez Toro, Francisco _959240 |
|
| 245 | 1 | 0 |
_aRecuerdos dedicados a la familia y a sus amigos / _cFrancisco Gómez Toro. |
| 260 |
_aSanto Domingo : _bImprenta de la República, _c1897. |
||
| 300 |
_a15 p. ; _c21 cm. |
||
| 049 | _aBNPD | ||
| 999 |
_c33309 _d33309 |
||